LEADER 01591nam a2200301 i 4500 001 000000117054 003 CaOOAMICUS 005 20030709000000.0 008 030709s1984 it u000 u ita u 013 $a89743 040 $aSeMil$bita 245 10$aEbrei e mitteleuropa :$bcultura, letteratura, societą /$ca cura di Quirino Principe. 260 $aGorizia :$bIstituto per gli incontri culturali mitteleuropei,$ccopyr. 1984. 260 $aBrescia :$bShakespeare & Company,$ccopyr. 1984. 300 $a444 p. ;$c22 cm. 500 $aIn preliminari : Dedica al Card. C.M. Martini. - Atti del Convegno tenuto a Gorizia nel 1982. - Fondo Card. C.M. Martini. 650 4$aLetteratura europea - Sec. 19.-20.$0(OLS)http://semarc/subject/21628 650 4$aGiudaismo nella letteratura - Europa - Sec. 19.-20.$0(OLS)http://semarc/subject/21629 650 4$aScrittori ebrei - Europa - Sec. 19.-20.$0(OLS)http://semarc/subject/21630 700 1 $aPrincipe, Quirino,$d<1935- >.$0(OLS)http://semarc/name/33111 700 1 $aConvegno «Ebrei e Mitteleuropa» <1982 ; Gorizia>.$0(OLS)http://semarc/name/48837 850 $aSeMil 852 $aSeMil$W1$xVenegono$y1$m3U IV 291$j72454$B72454$CSeMilBibl$Z2$F90297 $81 941 1 $a4 961 $aOmaggio: Martini Card. Carlo Maria 996 $6245$aEbrei e mitteleuropa :$bcultura, letteratura, societą$9(OLS)http://semarc/title/171772 996 $6260$aBrescia :$bShakespeare & Company$9(OLS)http://semarc/publisher/45625 996 $6260$aGorizia :$bIstituto per gli incontri culturali mitteleuropei$9(OLS)http://semarc/publisher/45626 LEADER 01487nam a2200253 4500 001 000000336848 003 CaOOAMICUS 005 20191003150850.0 008 191003s1808 it 000 u ita r 026 $aiai; toRe e,a- Undi (3) 1808 (A) 040 $aSeMil$bita 100 11$aCevallos, Pedro.$0(OLS)http://semarc/name/110272 245 00$aEsposizione dei fatti e maneggi che hanno preparata la usurpazione della corona di Spagna e dei mezzi adoprati dall'imperatore dei francesi per effettuarla scritta da D. Pietro Cevallos ... tradotta dalla lingua spagnuola nell'italiana. 264 1$aCadice ed in Palermo :$bDalla Reale Stamperia,$c1808. 300 $a92 p. ;$c8° 500 $aSegn.: [A]-E? F? 650 4$aSpagna - Conquista napoleonica.$0(OLS)http://semarc/subject/48731 710 2 $aStamperia reale$b.$0(OLS)http://semarc/name/89290 773 0 $t[Opuscoli all'epoca della Rivoluzione francese.$w()336847 850 $aSeMil 852 $aSeMil$W1$xVenegono$y1$m3R VII 13/1 FA$j216608$B228760$CSeMilBibl$Z2$F228760 $8I 996 $6245$aEsposizione dei fatti e maneggi che hanno preparata la usurpazione della corona di Spagna e dei mezzi adoprati dall'imperatore dei francesi per effettuarla scritta da D. Pietro Cevallos ... tradotta dalla lingua spagnuola nell'italiana$9(OLS)http://semarc/title/425975 996 $6264$aCadice ed in Palermo :$bDalla Reale Stamperia$9(OLS)http://semarc/publisher/58569